000 00991nam a2200265Ia 4500
008 191130s2004##################000#0#eng##
020 _a9789041122841
022 _a2004300596
040 _aACL
_cACL
082 _a343.067 LAN
245 _aCFC legislation, tax treaties, and EC law
_ceditors Michael Lang ... [et al.]
260 _aThe Hague ; Boston
_bKluwer Law International
_cc2004
300 _a653 p. ; 25 cm
500 _aIncludes bibliographical references
650 _aCapital movements - Law and legislation - Europe
650 _aCapital movements - Law and legislation - European Union countries
650 _aControlled foreign corporations - Taxation - Europe
650 _aControlled foreign corporations - Taxation - European Union countries
650 _aDouble taxation - Europe
650 _aDouble taxation - European Union countries
700 _aLang, Michael
990 _ad6578748ac10000c41ab77c68981c6d1
991 _a424305
999 _c126062
_d126062